000 00699nam a2200253 a 4500
001 adlib96000001
003 ViArRB
005 200902210153555.7
008 960221s1955 dcuabcdjdbkoqu001 0deng d
020 _a81-7829-119-3
022 _a
040 _aAdlib
082 _a658:174.4
245 _aEthical choices in business
250 _a2nd ed.
260 _aNew Delhi
_bResponse Books
_c2002
300 _a308p.
_c
500 _a
100 _aSekhar, R. C.
_e
700 _a
_a
942 _cBK
653 _aBusiness ethics
_aEthics-business studies
952 _w2010-06-16
_p00049736
_r2011-12-19
_40
_00
_bUL
_10
_o658:174.4 SEK
_d2010-06-16
_70
_yBK
_s2011-11-14
_l4
_aUL
999 _c46505
_d46504